| 000 | 01577nam a22002297a 4500 | ||
|---|---|---|---|
| 999 |
_c57128 _d57128 |
||
| 003 | Ge_BSU | ||
| 005 | 20191122123441.0 | ||
| 008 | 191122s2012 ||||| |||| 00| 0 geo d | ||
| 020 | _a9789941437205 | ||
| 041 | _ageo | ||
| 080 | _a821.14'01.03=353.1 ს-51 | ||
| 245 |
_aსიმპოსიონი : _bპლატონი, ქსენოფონი, პლუტარქოსი, პეტრონიუსი, ლუკიანოსი, ათენაიოსი, მეთოდიოსი / _cრედ. და შემდგ. ნანა ტონია ; მთარგმნ. ბაჩანა ბრეგვაძე და სხვ. იდეის ავტ. ქეთევან ჯერვალიძე. |
||
| 264 |
_aთბილისი : _bლოგოსი, _c2012. |
||
| 300 |
_a367გვ. ; _c20 სმ. |
||
| 500 | _aყდაზე: სიმპოსიონი. მემუსიკე და ჰეტერა. ატიკური წითელფიგურული სტამნოსის ფრაგმენტი. ძვ. წ. VI | ||
| 501 | _aგანმარტებანი: გვ. 283-367. | ||
| 653 | _aბერძნული ნადიმები | ||
| 700 |
_aტონია, ნანა _eრედაქტორ შემდგენელი _9661 |
||
| 700 |
_aბრეგვაძე, ბაჩანა _eმთარგმნელი _93536 |
||
| 700 |
_aჯერვალიძე, ქეთევან _eიდეის ავტორი _95531 |
||
| 942 |
_2udc _cBK |
||